| 000 | 00869cam a2200277 i 4500 | ||
|---|---|---|---|
| 001 | 200447516 | ||
| 999 |
_c200447516 _d65728 |
||
| 003 | TR-AnTOB | ||
| 005 | 20241129155057.0 | ||
| 007 | ta | ||
| 008 | 110318s1988 tu 000 0 tur | ||
| 040 |
_aTR-AnTOB _beng _erda _cTR-AnTOB |
||
| 041 | 0 | _atur | |
| 050 | 4 |
_aLA948 _b.B56 1988 |
|
| 090 |
_aLA948 _b.B56 1988 |
||
| 245 | 0 | 0 | _a1981 yükseköğretim reformu ve altı yıllık uygulama sonuçları. |
| 264 | 1 |
_aAnkara : _bYükseköğretim Kurulu, _c[date of publication not identified] |
|
| 300 |
_a54 pages ; _c24 cm |
||
| 336 |
_atext _btxt _2rdacontent |
||
| 337 |
_aunmediated _bn _2rdamedia |
||
| 338 |
_avolume _bnc _2rdacarrier |
||
| 650 | 0 |
_aEğitim, Yüksek _xEkonomik yönleri _zTürkiye _982952 |
|
| 710 | 2 |
_aYükseköğretim Kurulu (Türkiye) _972983 |
|
| 942 |
_2lcc _cBK |
||